00334nam a22001337a 4500003000400000020001800004082001800022100001700040245005200057250001900109260003800128300001000166650002400176SGT a9788131256893 a617.632bP19N aNowak Arthur aPediatric Dentistry:Infancy through Adolescence a6TH South Asia aNEW DELHI bELSEVIER INDIA c2019 a1-634 aPediatric Dentistry